K-pop Groups #1 - Statistics

General Stats
  • This quiz has been taken 136 times
  • The average score is 11 of 16
Answer Stats
Picture Answer % Correct
BTS
99%
Twice
91%
Aespa
88%
(G)i-dle
82%
Enhypen
80%
Kiss of life
76%
Nmixx
73%
Ive
72%
Red Velvet
71%
SHINee
58%
tripleS
58%
P1harmony
57%
Riize
57%
Iz*one
55%
Boynextdoor
53%
Stayc
43%
No matching quizzes found
Score Distribution
Percent of People with Each Score
Percentile by Number Answered
Your Score History
You have not taken this quiz